000 00318nam a22001457a 4500
008 210225b ||||| |||| 00| 0 eng d
020 _a9780030968303
041 _aeng
080 _22nd
_a82
082 _a82
100 _a22
101 _aGJL
245 _aElements of Literature
_cAnderson, R
942 _2udc
_cBK
999 _c55186
_d55186